| 000 | 00407nam a2200145Ia 4500 | ||
|---|---|---|---|
| 008 | 150201s2006 xx 000 0 und d | ||
| 082 |
_a617.6 _bE2006A |
||
| 100 | _aHACKSHAW ,ALLAN | ||
| 245 | _aEVIDENCE -BASED DENTISTRY : AN INTRODUCTION | ||
| 250 | _a1ST | ||
| 260 |
_bBLACKWELL SCIENCE PUB. _aOXFORD (LONDON) _c2006 |
||
| 300 | _a1-225 | ||
| 650 | _aPREVENTIVE AND COMMUNITY DENTISTRY | ||
| 942 |
_2ddc _cBK |
||
| 999 |
_c4769 _d4769 |
||